El vértigo de la prensa / (Record no. 20311)

MARC details
000 -LEADER
campo de control de longitud fija 00739nam a2200253 i 4500
001 - NÚMERO DE CONTROL
campo de control 20311
003 - IDENTIFICADOR DE NÚMERO DE CONTROL
campo de control ES-MaACL
005 - FECHA Y HORA DE LA ÚLTIMA TRANSACCIÓN
campo de control 20250825040759.0
007 - CAMPO FIJO DE DESCRIPCIÓN FÍSICA--INFORMACIÓN GENERAL
campo de control de longitud fija t|
008 - DATOS DE LONGITUD FIJA--INFORMACIÓN GENERAL
campo de control de longitud fija 021111s1982 sp |||| | spa d
020 ## - NÚMERO INTERNACIONAL ESTÁNDAR DEL LIBRO
Número Internacional Estándar del Libro 84-86008-04-2
080 ## - NÚMERO DE LA CLASIFICACIÓN DECIMAL UNIVERSAL
Número de la Clasificación Decimal Universal 07(460)"1975/..."(04)
100 1# - ENTRADA PRINCIPAL--NOMBRE DE PERSONA
Nombre de persona Aguilar, Miguel Ángel,
Fechas asociadas al nombre 1943-
9 (RLIN) 154981
245 13 - MENCIÓN DEL TÍTULO
Título El vértigo de la prensa /
Mención de responsabilidad, etc. Miguel Ángel Aguilar.
250 ## - MENCION DE EDICION
Mención de edición 1ª ed.
260 ## - PUBLICACIÓN, DISTRIBUCIÓN, ETC.
Lugar de publicación, distribución, etc. Madrid :
Nombre del editor, distribuidor, etc. Mezquita,
Fecha de publicación, distribución, etc. 1982.
300 ## - DESCRIPCIÓN FÍSICA
Extensión XI, 227 p. ;
Dimensiones 19 cm.
490 1# - MENCIÓN DE SERIE
Mención de serie Serie Periodismo ;
Designación de volumen o secuencia 2
650 04 - PUNTO DE ACCESO ADICIONAL DE MATERIA--TÉRMINO DE MATERIA
Término de materia o nombre geográfico como elemento de entrada Prensa-
Subdivisión geográfica España-
Subdivisión cronológica 1975-1982.
9 (RLIN) 16356
830 00 - PUNTO DE ACCESO ADICIONAL DE SERIE-TÍTULO UNIFORME
Título uniforme Periodismo (Mezquita)
Designación de volumen o secuencia 2
9 (RLIN) 228919
852 ## - LOCALIZACIÓN
Ubicación ES-MaACL
Número de control de estantería L-2348
852 ## - LOCALIZACIÓN
Ubicación ES-MaACL
Número de control de estantería L-9167
Holdings
Estatus retirado Estado de pérdida Estado de daño No para préstamo Biblioteca de origen Biblioteca actual Ubicación en estantería Fecha de adquisición Fuente de adquisición Total de préstamos Signatura topográfica completa Código de barras Visto por última vez Precio de reemplazo Tipo de ítem Koha
        Biblioteca del Ateneo de Madrid Biblioteca del Ateneo de Madrid Depósito 2 17/01/2008     L-9167 1020827 23/02/2023 23/02/2023 Libro impreso
        Biblioteca del Ateneo de Madrid Biblioteca del Ateneo de Madrid Depósito 2 17/01/2008     L-2348 1020826 23/02/2023 23/02/2023 Libro impreso